Rank-Order Competition in the Voluntary Provision of Impure Public Goods

Verejne poskytované výrobky často vytvárajú rozdielne výhody v dôsledku včasných alebo priestorových vzdialeností členov skupiny. Návrh a testovanie zabezpečovacieho mechanizmu, ktorý využíva konkurenčné súťaže o väčší podiel na verejnom statku. Vysokí prispievatelia získajú preferenčný prístup, zat...

Ausführliche Beschreibung

Gespeichert in:
Bibliographische Detailangaben
1. Verfasser: Servátka, Maroš, 1976-
Weitere Verfasser: Angelovski, Andrej, Neugebauer, Tibor
Format: Buchkapitel
Sprache:Englisch
Schlagworte:
Tags: Tag hinzufügen
Keine Tags, Fügen Sie das erste Tag hinzu!

MARC

LEADER 00000naa a2200000 4500
001 0259303
005 20240717094545.7
041 0 |a eng 
044 |a US 
245 1 0 |a Rank-Order Competition in the Voluntary Provision of Impure Public Goods  |c Maroš Servátka, Andrej Angelovski, Tibor Neugebauer 
520 |a Verejne poskytované výrobky často vytvárajú rozdielne výhody v dôsledku včasných alebo priestorových vzdialeností členov skupiny. Návrh a testovanie zabezpečovacieho mechanizmu, ktorý využíva konkurenčné súťaže o väčší podiel na verejnom statku. Vysokí prispievatelia získajú preferenčný prístup, zatiaľ čo nízki prispievatelia majú obmedzený prístup. 
610 2 0 |a preferencie 
610 2 0 |a statky verejné 
100 1 |a Servátka, Maroš, 1976- 
700 1 |a Angelovski, Andrej 
700 1 |a Neugebauer, Tibor